000
00255nam a2200109Ia 4500
008
240625s9999 xx 000 0 und d
041
_a
eng
082
_a
658.45 BOV
100
_a
BOVEE COURTLAND L
245
_a
BUSINESS COMMUNICATION TODAY
260
_c
2013
999
_c
39259
_d
39259